Energetický audit strednej školy
Guardado en:
| Autor principal: | |
|---|---|
| Otros Autores: | |
| Formato: | Manuscrito Libro |
| Lenguaje: | eslovaco |
| Publicado: |
2023
|
| Materias: | |
| Acceso en línea: | http://is.stuba.sk/zp/portal_zp.pl?podrobnosti=172245 https://opac.crzp.sk/?fn=detailBiblioForm&sid=C0DEB8E07572332BAC220915805F |
| Etiquetas: |
Sin Etiquetas, Sea el primero en etiquetar este registro!
|
MARC
| LEADER | 00000ntm a22000003a 4500 | ||
|---|---|---|---|
| 001 | stuzp93815 | ||
| 003 | SK-STU | ||
| 005 | 20230921111712.4 | ||
| 007 | ta | ||
| 008 | 150427s2015----xo-----f-mn---000-0-slo-d | ||
| 040 | |a STU |b slo | ||
| 041 | 0 | |a slo | |
| 100 | 1 | |a Rovenský, Róbert |u 010290 |4 aut |U SvF Stavebná fakulta |T SvF Katedra technických zariadení budov |X 93330 |U V290 |Y 31 |7 93330 | |
| 242 | 0 | 1 | |a Energy audit of high school |y eng |
| 245 | 1 | 0 | |a Energetický audit strednej školy |
| 260 | |c 2023 | ||
| 650 | 4 | |a Energetický audit budovy |2 slo | |
| 650 | 4 | |a Vykurovanie |2 slo | |
| 650 | 4 | |a Vzduchotechnika |2 slo | |
| 650 | 4 | |a Ekonomické hodnotenie |2 slo | |
| 650 | 4 | |a Energy audit of the building |2 eng | |
| 650 | 4 | |a Heating |2 eng | |
| 650 | 4 | |a Air conditioning |2 eng | |
| 650 | 4 | |a Economic assessment |2 eng | |
| 700 | 1 | |a Krajčík, Michal |u 010290 |k Z1 |4 ths |U SvF Stavebná fakulta |T SvF Katedra technických zariadení budov |X 20318 |U V290 |Y 31 |7 A000020318 | |
| 856 | 4 | |u http://is.stuba.sk/zp/portal_zp.pl?podrobnosti=172245 | |
| 856 | 4 | |u https://opac.crzp.sk/?fn=detailBiblioForm&sid=C0DEB8E07572332BAC220915805F | |